Book of the dead : becoming god in ancient egypt /

محفوظ في:

المؤلف الرئيسي: Scalf, Foy (مؤلف)

مؤلفون آخرون: Barbash, Yekaterina, Lowry, Kevin Bryce.

التنسيق: كتاب

اللغة: English

منشور في: Chicago : Oriental Institute of the University of Chicago, 2017.

سلاسل: Oriental Institute Museum publications ; 39.

الموضوعات:

الوسوم: إضافة وسم

لا توجد وسوم, كن أول من يضع وسما على هذه التسجيلة!

رقم الطلب: PJ1557 .B75

LEADER 01318namaa2200337 4500
003 OSt
005 20200824055257.0
008 130303s2017 iluab e b 000 0 eng d
952 |0 0  |1 0  |2 lcc  |4 0  |6 PJ1557 B75  |7 1  |9 5226  |a ARCE  |b ARCE  |d 2020-08-24  |l 0  |o PJ1557 .B75  |p 1003135  |r 2020-08-24 00:00:00  |w 2020-08-24  |y BK 
999 |c 8937  |d 8937 
020 |a 9781614910381 
040 |c ARCE Library 
043 |a f-ua--- 
050 0 4 |a PJ1557 .B75 
100 1 |a Scalf, Foy,  |e author  |9 39324 
245 1 0 |a Book of the dead :  |b becoming god in ancient egypt /  |c Edited by Foy Scalf, with new object photography by Kevin Bryce Lowry. 
264 1 |a Chicago :  |b Oriental Institute of the University of Chicago,  |c 2017. 
300 |a 376 pages :  |b illustrations (mostly color), map ;  |c 29 cm. 
336 |a text  |b txt  |2 rdacontent 
337 |a unmediated  |b n  |2 rdamedia 
338 |a volume  |b nc  |2 rdacarrier 
490 1 |a Oriental Institute Museum publications ;   |v 39. 
504 |a Includes bibliographical references. 
630 0 0 |a Book of the dead  |v Exhibitions. 
650 0 |a Egyptian language  |v Papyri  |v Exhibitions. 
650 0 |a Incantations, Egyptian  |v Exhibitions. 
700 1 |a Barbash, Yekaterina,  |9 26223 
700 1 |a Lowry, Kevin Bryce. 
830 0 |a Oriental Institute Museum publications ;   |v 39. 
901 |a reviewed 
942 |c BK  |2 lcc